People's republic / (Record no. 3040)

MARC details
000 -LEADER
fixed length control field 01023nam a22002417a 4500
001 - CONTROL NUMBER
control field 3040
003 - CONTROL NUMBER IDENTIFIER
control field FISKH
005 - DATE AND TIME OF LATEST TRANSACTION
control field 20240131151550.0
008 - FIXED-LENGTH DATA ELEMENTS--GENERAL INFORMATION
fixed length control field 240131b cb ||||| |||| 00| 0 eng d
020 ## - INTERNATIONAL STANDARD BOOK NUMBER
International Standard Book Number 9780340999202
040 ## - CATALOGING SOURCE
Original cataloging agency FISKH
Language of cataloging eng
Transcribing agency FISKH
Modifying agency FISKH
050 ## - LIBRARY OF CONGRESS CALL NUMBER
Classification number PZ7.M894
082 ## - DEWEY DECIMAL CLASSIFICATION NUMBER
Classification number 823.92
100 ## - MAIN ENTRY--PERSONAL NAME
Personal name Muchamore, Robert
245 ## - TITLE STATEMENT
Title People's republic /
Statement of responsibility, etc. Robert Muchamore
250 ## - EDITION STATEMENT
Edition statement This edition published 2016
260 ## - PUBLICATION, DISTRIBUTION, ETC.
Place of publication, distribution, etc. London :
Name of publisher, distributor, etc. Hodder Children's Books,
Date of publication, distribution, etc. 2006
300 ## - PHYSICAL DESCRIPTION
Extent 407 pages :
Dimensions 20 cm
520 ## - SUMMARY, ETC.
Summary, etc. Twelve-year-old Ryan is CHERUB's newest recruit. He's got his first mission: infiltrating the billion-dollar Aramov criminal empire. But he's got got no idea that this routine job will lead him into an explosive adventure involving drug smugglers, illegal immigrants and human trafficking, or that his first mission will turn into one of the biggest in CHERUB's history.
650 ## - SUBJECT ADDED ENTRY--TOPICAL TERM
Topical term or geographic name entry element Mystery
Form subdivision Fiction
General subdivision Adventure
650 ## - SUBJECT ADDED ENTRY--TOPICAL TERM
Topical term or geographic name entry element Young Adult
Form subdivision Thriller
942 ## - ADDED ENTRY ELEMENTS (KOHA)
Source of classification or shelving scheme Dewey Decimal Classification
Koha item type Books
Suppress in OPAC No
Holdings
Withdrawn status Lost status Source of classification or shelving scheme Damaged status Not for loan Collection Home library Current library Shelving location Date acquired Total Checkouts Full call number Barcode Date last seen Price effective from Koha item type
    Dewey Decimal Classification     Fiction Footprints International School Library Network Toul Kork Campus Footprints International School Library Network Toul Kork Campus   01/31/2024   MUC Fic PZ7.M894 2024-0069 01/31/2024 01/31/2024 Books